000 00481nmm a2200157Ia 4500
008 251105s9999||||xx |||||||||||||||||und||
041 _aspa
100 _aTuirán Sarmiento, Ángel
245 0 _aEl territorio : un análisis desde el derecho y la ciencia política
264 _a[Bogotá, Colombia] :
_bUniversidad del Norte,
_c2013
300 _a468 páginas
490 _aJurídica
650 _aLaw
856 _uhttps://public.digitaliapublishing.com/a/27669
942 _cCF
999 _c99676
_d99676